| 000 | 01812nam a2200373Ia 4500 | ||
|---|---|---|---|
| 001 | ebr10201298 | ||
| 003 | CaPaEBR | ||
| 006 | m u | ||
| 007 | cr cn||||||||| | ||
| 008 | 030424s2002 si a sb 101 0 eng d | ||
| 020 | _z9789812382498 | ||
| 020 | _z9789812776242 | ||
| 020 | _z9812382496 | ||
| 040 |
_aCaPaEBR _cCaPaEBR |
||
| 035 | _a(OCoLC)560449697 | ||
| 050 | 1 | 4 |
_aQB463 _b.W67 2002eb |
| 111 | 2 |
_aWorkshop on Astrophysics, Symmetries, and Applied Physics at Spallation Neutron Sources _d(2002 : _cOak Ridge National Laboratory) |
|
| 245 | 1 | 0 |
_aASAP 2002 _h[electronic resource] : _bastrophysics, symmetries, and applied physics at spallation neutron sources / _ceditors, Paul E. Koehler ... [et al.]. |
| 246 | 3 | 0 | _aAstrophysics, symmetries, and applied physics at spallation neutron sources |
| 260 |
_aSingapore ; _aRiver Edge, N.J. : _bWorld Scientific, _cc2002. |
||
| 300 |
_axvi, 246 p. : _bill. |
||
| 500 | _aThe Workshop on Astrophysics, Symmetries, and Applied Physics at Spallation Neutron Sources was held at the Oak Ridge National Laboratory, Mar. 2002. | ||
| 504 | _aIncludes bibliographical references and index. | ||
| 533 |
_aElectronic reproduction. _bPalo Alto, Calif. : _cebrary, _d2009. _nAvailable via World Wide Web. _nAccess may be limited to ebrary affiliated libraries. |
||
| 650 | 0 |
_aNuclear astrophysics _vCongresses. |
|
| 650 | 0 |
_aNuclear physics _vCongresses. |
|
| 650 | 0 |
_aSpallation (Nuclear physics) _vCongresses. |
|
| 650 | 0 |
_aNeutron sources _vCongresses. |
|
| 655 | 7 |
_aElectronic books. _2local |
|
| 700 | 1 |
_aKoehler, Paul E. _q(Paul Edward) |
|
| 710 | 2 | _aOak Ridge National Laboratory. | |
| 710 | 2 | _aebrary, Inc. | |
| 856 | 4 | 0 |
_uhttp://site.ebrary.com/lib/rucke/Doc?id=10201298 _zAn electronic book accessible through the World Wide Web; click to view |
| 999 |
_c222785 _d222785 |
||